Welcome to CU Library Online Public Access Catalogue (OPAC)

Treasury management (Record no. 3822)

MARC details
000 -LEADER
fixed length control field 00452nam a22001817a 4500
005 - DATE AND TIME OF LATEST TRANSACTION
control field 20250212094947.0
008 - FIXED-LENGTH DATA ELEMENTS--GENERAL INFORMATION
fixed length control field 250212b |||||||| |||| 00| 0 eng d
020 ## - INTERNATIONAL STANDARD BOOK NUMBER
International Standard Book Number 9780852974902
050 ## - LIBRARY OF CONGRESS CALL NUMBER
Classification number HG3881
Item number .T6 HUD
245 ## - TITLE STATEMENT
Title Treasury management
250 ## - EDITION STATEMENT
Edition statement 3rd
260 ## - PUBLICATION, DISTRIBUTION, ETC.
Name of publisher, distributor, etc. The Chartered Institute of Bankers
Date of publication, distribution, etc. c1998
300 ## - PHYSICAL DESCRIPTION
Extent xii,474p
500 ## - GENERAL NOTE
General note includes index
700 ## - ADDED ENTRY--PERSONAL NAME
Personal name Colley, Alan
700 ## - ADDED ENTRY--PERSONAL NAME
Personal name Largan, Mark
942 ## - ADDED ENTRY ELEMENTS (KOHA)
Source of classification or shelving scheme Library of Congress Classification
Koha item type Books
Suppress in OPAC No
999 ## -
-- 3822
-- 3822
Holdings
Withdrawn status Lost status Source of classification or shelving scheme Damaged status Not for loan Collection Home library Current library Shelving location Date acquired Total checkouts Full call number Barcode Date last seen Copy number Price effective from Koha item type
    Library of Congress Classification     Non-fiction Graduate Library (Christ Temple) Graduate Library (Christ Temple) General stacks 02/25/2026   HG 3881 HUD GSCT00002930 02/25/2026 1 02/25/2026 Books
    Library of Congress Classification     Non-fiction Graduate Library (Christ Temple) Graduate Library (Christ Temple) General stacks 02/25/2026   HG 3881 HUD GSCT00002931 02/25/2026 2 02/25/2026 Books
    Library of Congress Classification     Non-fiction Graduate Library (Christ Temple) Graduate Library (Christ Temple) General stacks 02/25/2026   HG 3881 HUD GSCT00002932 02/25/2026 3 02/25/2026 Books
    Library of Congress Classification     Non-fiction Graduate Library (Christ Temple) Graduate Library (Christ Temple) General stacks 02/25/2026   HG 3881 HUD GSCT00002933 02/25/2026 4 02/25/2026 Books
    Library of Congress Classification     Non-fiction Graduate Library (Christ Temple) Graduate Library (Christ Temple) General stacks 02/25/2026   HG 3881 HUD GSCT00002934 02/25/2026 5 02/25/2026 Books
    Library of Congress Classification     Non-fiction Graduate Library (Christ Temple) Graduate Library (Christ Temple) General stacks 02/25/2026   HG 3881 HUD GSCT00002935 02/25/2026 6 02/25/2026 Books
    Library of Congress Classification     Non-fiction Graduate Library (Christ Temple) Graduate Library (Christ Temple) General stacks 02/25/2026   HG 3881 HUD GSCT00002936 02/25/2026 7 02/25/2026 Books
    Library of Congress Classification     Non-fiction Graduate Library (Christ Temple) Graduate Library (Christ Temple) General stacks 02/25/2026   HG 3881 HUD GSCT00002937 02/25/2026 8 02/25/2026 Books
    Library of Congress Classification     Non-fiction Graduate Library (Christ Temple) Graduate Library (Christ Temple) General stacks 02/25/2026   HG 3881 HUD GSCT00002938 02/25/2026 9 02/25/2026 Books
    Library of Congress Classification     Non-fiction Undergraduate Library (Christ Temple) Undergraduate Library (Christ Temple) General stacks 02/12/2025   HG3881.T6 HUD ulct00001166 02/12/2025 1 02/12/2025 Books
    Library of Congress Classification     Non-fiction Undergraduate Library (Christ Temple) Undergraduate Library (Christ Temple) General stacks 02/13/2025   HG3881.T6 HUD ulct00001179 02/13/2025 1 02/13/2025 Books
© 2023-2024 Copyright: Central University Libraries. All Rights Reserved | Created by: Mahone Tech Office